|
|
|
|
| LEADER |
01827nam a2200445 a 4500 |
| 001 |
EBC1190817 |
| 003 |
MiAaPQ |
| 005 |
20200520144314.0 |
| 006 |
m o d | |
| 007 |
cr cn||||||||| |
| 008 |
130114s2013 dcuab sb 000 0 eng d |
| 010 |
|
|
|z 2012047950
|
| 020 |
|
|
|z 9780821397916 (alk. paper)
|
| 020 |
|
|
|a 9780821397923 (electronic bk.)
|
| 035 |
|
|
|a (MiAaPQ)EBC1190817
|
| 035 |
|
|
|a (Au-PeEL)EBL1190817
|
| 035 |
|
|
|a (CaPaEBR)ebr10690514
|
| 035 |
|
|
|a (CaONFJC)MIL491940
|
| 035 |
|
|
|a (OCoLC)850161767
|
| 040 |
|
|
|a MiAaPQ
|c MiAaPQ
|d MiAaPQ
|
| 043 |
|
|
|a e------
|a ac-----
|
| 050 |
|
4 |
|a HC240.9.E5
|b D45 2013
|
| 082 |
0 |
4 |
|a 363.738/745
|2 23
|
| 100 |
1 |
|
|a Deichmann, Uwe.
|
| 245 |
1 |
0 |
|a Growing green
|h [electronic resource] :
|b the economic benefits of climate action /
|c Uwe Deichmann and Fan Zhang.
|
| 260 |
|
|
|a Washington, D.C. :
|b World Bank,
|c 2013.
|
| 300 |
|
|
|a 385 p. :
|b col. ill., col. maps.
|
| 490 |
1 |
|
|a Eastern Europe and Central Asia reports
|
| 504 |
|
|
|a Includes bibliographical references.
|
| 505 |
0 |
|
|a pt. 1. Priorities for a low-carbon transformation -- pt. 2. Promoting growth and ensuring social inclusion -- pt. 3. Sectoral priorities.
|
| 533 |
|
|
|a Electronic reproduction. Ann Arbor, MI : ProQuest, 2015. Available via World Wide Web. Access may be limited to ProQuest affiliated libraries.
|
| 650 |
|
0 |
|a Environmental policy
|x Economic aspects
|z Europe.
|
| 650 |
|
0 |
|a Environmental policy
|x Economic aspects
|z Asia, Central.
|
| 650 |
|
0 |
|a Climatic changes
|x Economic aspects.
|
| 650 |
|
0 |
|a Climatic changes
|x Government policy.
|
| 655 |
|
4 |
|a Electronic books.
|
| 710 |
2 |
|
|a World Bank.
|
| 710 |
2 |
|
|a ProQuest (Firm)
|
| 830 |
|
0 |
|a Eastern Europe and Central Asia reports.
|
| 856 |
4 |
0 |
|u https://ebookcentral.proquest.com/lib/matrademy/detail.action?docID=1190817
|z Click to View
|